000 01190nac a22003377a 4500
001 BR8107277
003 BR-BrBNA
005 20240105115126.0
008 230509b bl.|||m| |||| 00| 0 por d
040 _aBR-BrBNA
_bpor
_cBiblioteca Nacional de Agricultura
072 _aH20
090 _a2110 BR8107277
100 1 _aAndebrhan, T.
100 1 _aBastos, C.N.
100 1 _aSilva, H.M. e
110 1 _aComissao Executiva do Plano da Lavoura Cacaueira, Belem, PA (Brasil). Depto. Especial da Amazonia
_92095
245 1 _aGeotrichum candidum Lk ex. pers., agente causal de novo tipo de podridao aquosa em frutos de cacau (Theobroma cacao L.)[Rondonia, Brasil]
260 3 _aBelem, PA (Brasil):
_c1981.
300 _a13 p.
490 _aComunicado Tecnico - Comissao Executiva do Plano da Lavoura Cacaueira. Depto. Especial da Amazonia (Brazil)
_vno. 20
_x
500 _a9 illus.; Summaries (En, Pt); 10 ref.
650 _aCACAU
650 _aDOENCA DE PLANTA
650 _aFUNGO
650 _aPODRIDAO AQUOSA
650 _aISOLAMENTO
650 _aCONTROLE QUIMICO
650 _aRONDONIA
909 _a202312
_bLúcia Elande
_c55
_dLúcia Elande
942 _2AGRIS
_n0
_cMS
999 _c273206
_d273206